Sultan Mahmood Ghaznavi (Record no. 942)

MARC details
000 -LEADER
fixed length control field 00604nam a2200241 a 4500
020 ## - INTERNATIONAL STANDARD BOOK NUMBER
ISBN
082 00 - DEWEY DECIMAL CLASSIFICATION NUMBER
Classification number 954.0223
Author Cutter BAQ
100 ## - MAIN ENTRY--AUTHOR NAME
Author name Baqai, Aziz Hasan
245 ## - TITLE STATEMENT
Title Sultan Mahmood Ghaznavi
260 ## - PUBLICATION, DISTRIBUTION, ETC. (IMPRINT)
Place of publication Delhi
Name of publisher Maktaba Darul Furqan
Year of publication 0000
300 ## - PHYSICAL DESCRIPTION
Number of Pages 191p
500 ## - GENERAL NOTE
General note includes index and biblioraphy
505 2# - FORMATTED CONTENTS NOTE
Formatted contents note scn book club study project.3
650 ## - SUBJECT ADDED ENTRY--TOPICAL TERM
Topical Term India-History Ghazni
942 ## - ADDED ENTRY ELEMENTS (KOHA)
Koha item type Books
700 1# -
-- Baqai, Aziz Hasan
Holdings
Collection code Home library Current library Date acquired Cost, normal purchase price Full call number Accession Number Koha item type
  Henry Martyn Institute Library Henry Martyn Institute Library 04/03/2007 100.00 954.0223 BAQ 03665 Books
                   Copyright © 2026 | Henry Martyn Institute | Hyderabad | TS-500052 | INDIA | Implemented by hmi.edu.in
Hit-Count:

Powered by Koha